| 000 | | | 05004ckm0a2200337#x 450 |
| 001 | | | b2181531-6715-45de-83c7-84af5e67cbc0 |
| 005 | | | 20250303173502.0 |
| 100 | ## | $a | 20250303j19450306k###0rusy50 ca |
| 102 | ## | $a | PL |
| 116 | ## | $a | fiybxx####zz####zz |
| 122 | 0# | $a | d19450306## |
| 200 | 1# | $a | Советские артиллеристы во время уличных боев в Бреслау. 1-й Украинский фронт |
| | $j | 6 марта 1945 г. |
| 251 | ## | $c | Документ |
| 300 | ## | $a | Фотография |
| 300 | ## | $a | Подлинник |
| 300 | ## | $a | Из фотохроники ТАСС. Фотографы Б. С. Лосин и Р. А. Мазелев |
| 461 | #0 | $1 | 2001 |
| | $a | Ф. 4п |
| | $1 | 251 |
| | $c | Фонд |
| | $1 | 852 |
| | $j | 4п |
| 462 | #0 | $1 | 2001 |
| | $a | Оп. 33а |
| | $1 | 251 |
| | $c | Опись |
| | $1 | 852 |
| | $j | 33а |
| 462 | #0 | $1 | 2001 |
| | $a | Д. 13 |
| | $v | Л. 446 |
| | $1 | 251 |
| | $c | Дело |
| | $1 | 852 |
| | $j | 13 |
| 601 | 02 | $2 | nlr_sh |
| | $3 | RU\NLR\AUTH\6601548633 |
| | $a | Украинский фронт |
| | $c | 1; 1943 – 1945 |
| | $j | Фотографии |
| 605 | ## | $2 | prlib_sh |
| | $3 | LIBNET\UAF\0000088514 |
| | $a | Вторая мировая война в архивных документах (Комплекс оцифрованных архивных документов, кино- и фотоматериалов) |
| | $l | коллекция |
| 605 | ## | $2 | acquisition_Prlib |
| | $3 | DITM\AF\0000003834 |
| | $a | Народ |
| | $l | коллекция |
| 607 | ## | $2 | nlr_sh |
| | $3 | RU\NLR\AUTH\661535725 |
| | $a | Бреслау, город (Германия) |
| | $x | Осада |
| | $z | 1945 |
| | $j | Фотографии |
| 608 | ## | $2 | prlib_sh |
| | $3 | LIBNET\UAF\0000115139 |
| | $a | Документальные фотографии |
| | $z | 1945 |
| 686 | ## | $a | 63.3(2)622,13я61 |
| | $2 | rubbk |
| | $v | LBC/M |
| 686 | ## | $a | 63.3(0)62-6я61 |
| | $v | LBC/M |
| | $2 | rubbk |
| 801 | #0 | $a | RU |
| | $b | ПБ им. Б.Н. Ельцина |
| | $c | 20250303 |
| 801 | #1 | $a | RU |
| | $b | ПБ им. Б.Н. Ельцина |
| | $c | 20250303 |
| | $2 | rusmarc |
| 801 | #2 | $a | RU |
| | $b | ПБ им. Б.Н. Ельцина |
| | $c | 20250303 |
| | $2 | rusmarc |
| 850 | ## | $a | Российский государственный военный архив |
| 852 | ## | $a | РГВА |
| | $j | Л. 446 |
| 035 | ## | $a | LIBNET\0001458134 |
| 937 | ## | $d | 196195022 |
| | $h | Федеральное архивное агентство |
| 856 | 4# | $u | http://readingroom.main.prlib.ru/item.aspx?id_node=n196195022&mode=full |